Top 15 Länder mit Covid-19-Todesfällen - 7. Juni - Statistiken

Allgemein
  • Dieses Quiz wurde 18 mal gespielt
  • Das Durchschnittsergebnis liegt bei 16 aus 20
Antwortstatistiken
Land % Korrekt
Russland
100%
Spanien
100%
Vereinigte Staaten
100%
Deutschland
94%
Frankreich
94%
Brasilien
88%
Italien
88%
Kanada
88%
Belgien
82%
Indien
82%
Schweden
82%
Mexiko
76%
Vereinigtes Königreich
76%
Niederlande
71%
Portugal
71%
Schweiz
65%
Iran
59%
Peru
59%
Irland
53%
Ecuador
24%
Keine übereinstimmenden Quizze gefunden
Verteilung der Resultate
Anzahl Personen mit jedem Resultat
Perzentil nach korrekt beantworteten Fragen
Ihre Resultats-Entwicklung
Sie haben dieses Quiz noch nicht gespielt